<?xml version="1.0" encoding="UTF-8"?>
<record
    xmlns:xsi="http://www.w3.org/2001/XMLSchema-instance"
    xsi:schemaLocation="http://www.loc.gov/MARC21/slim http://www.loc.gov/standards/marcxml/schema/MARC21slim.xsd"
    xmlns="http://www.loc.gov/MARC21/slim">

  <leader>01544nam a22002057a 4500</leader>
  <controlfield tag="008">120314t        xxu||||| |||| 00| 0 eng d</controlfield>
  <datafield tag="020" ind1=" " ind2=" ">
    <subfield code="a">0273655167</subfield>
  </datafield>
  <datafield tag="050" ind1=" " ind2=" ">
    <subfield code="a">HF5415.127.H66</subfield>
  </datafield>
  <datafield tag="100" ind1=" " ind2=" ">
    <subfield code="a">Hooley, Graham</subfield>
  </datafield>
  <datafield tag="245" ind1=" " ind2=" ">
    <subfield code="a">Marketing strategy and competitive positioning. /</subfield>
    <subfield code="c">Graham Hooley, John Saunders and Nigel Piercy</subfield>
  </datafield>
  <datafield tag="250" ind1=" " ind2=" ">
    <subfield code="a">3rd ed.</subfield>
  </datafield>
  <datafield tag="260" ind1=" " ind2=" ">
    <subfield code="a">Harlow:</subfield>
    <subfield code="b">Prentice Hall,</subfield>
    <subfield code="c">c2004.</subfield>
  </datafield>
  <datafield tag="300" ind1=" " ind2=" ">
    <subfield code="a">xxiii, 619 p.:</subfield>
    <subfield code="b">ill.;</subfield>
    <subfield code="c">23cm.</subfield>
  </datafield>
  <datafield tag="500" ind1=" " ind2=" ">
    <subfield code="a">Includes index.</subfield>
  </datafield>
  <datafield tag="505" ind1=" " ind2=" ">
    <subfield code="a">Contents: Marketing strategy -- Market-led strategic management -- Strategic marketing planning -- Portfolio analysis -- Competitive market analysis -- The Changing market environment -- Analysis of the competitive environment -- Assessment of organisational resources -- Customer analysis -- Competitive analysis -- Forecasting future demand and market requirements -- Identifying current and future competitive positions -- Segmentation and positioning principles -- Segmentation and positioning research -- Selecting market target -- Competive positioning strategies -- Creating sustainable competitive advantage -- Offensive and defensive competitive strategies -- Competing through strategic alliances and networks -- Competing through superior service and customer relations -- Competing through innovation -- Competing through e-marketing -- Implementation through internal marketing -- Conclusions -- Marketing strategies for the twenty-first century.</subfield>
  </datafield>
  <datafield tag="650" ind1=" " ind2=" ">
    <subfield code="a">Marketing.</subfield>
  </datafield>
  <datafield tag="700" ind1=" " ind2=" ">
    <subfield code="a">Saunders, John</subfield>
  </datafield>
  <datafield tag="700" ind1=" " ind2=" ">
    <subfield code="a">Piercy, Nigel</subfield>
  </datafield>
  <datafield tag="942" ind1=" " ind2=" ">
    <subfield code="2">lcc</subfield>
    <subfield code="c">BK</subfield>
  </datafield>
  <datafield tag="999" ind1=" " ind2=" ">
    <subfield code="c">647</subfield>
    <subfield code="d">8147</subfield>
  </datafield>
  <datafield tag="952" ind1=" " ind2=" ">
    <subfield code="0">0</subfield>
    <subfield code="1">0</subfield>
    <subfield code="2">lcc</subfield>
    <subfield code="4">0</subfield>
    <subfield code="7">0</subfield>
    <subfield code="a">WIUC-1</subfield>
    <subfield code="b">WIUC-1</subfield>
    <subfield code="c">GEN</subfield>
    <subfield code="d">2012-03-14</subfield>
    <subfield code="l">0</subfield>
    <subfield code="o">HF5415.127.H66</subfield>
    <subfield code="p">1750/12</subfield>
    <subfield code="r">2012-03-14 00:00:00</subfield>
    <subfield code="w">2012-03-14</subfield>
    <subfield code="y">BK</subfield>
  </datafield>
</record>
